Sborník 54. celostátní konference o ocelových konstrukcích : Hustopeče u Brna, 8. prosince 2016

Gespeichert in:
Bibliographische Detailangaben
Körperschaft: Celostátní konference o ocelových konstrukcích Hustopeče, Česká republika
Weitere Verfasser: Melcher, Jindřich (Rezension), Karmazínová, M. (Rezension)
Format: Tagungsbericht Buch
Sprache:Tschechisch
Slowakisch
Veröffentlicht: Praha : Česká společnost pro ocelové konstrukce, 2016
Ausgabe:1. vyd.
Tags: Tag hinzufügen
Keine Tags, Fügen Sie das erste Tag hinzu!

MARC

LEADER 00000nam a22000003a 4500
001 0019818
003 SK-STU
005 20161213131910.7
007 ta
008 150124s ----xo-----e------100-0-----d
020 |a 978-80-02-02648-8 
040 |a STU  |b slo 
041 0 |a cze  |a slo 
044 |a xr 
111 2 |a Celostátní konference o ocelových konstrukcích  |n 54.  |d 8. 12. 2016  |c Hustopeče, Česká republika 
245 1 0 |a Sborník 54. celostátní konference o ocelových konstrukcích :  |b Hustopeče u Brna, 8. prosince 2016 
250 |a 1. vyd. 
260 |a Praha :  |b Česká společnost pro ocelové konstrukce,  |c 2016 
300 |a 56 s. 
700 1 |a Melcher, Jindřich  |4 rev 
700 1 |a Karmazínová, M.  |4 rev 
996 |c V* 2416/sc-16  |l VV9  |s P  |a 0  |w 0019818_0001 
996 |c V* 2417/sc-16  |l VV9  |s P  |a 0  |w 0019818_0002